Advertising Strategy According to the Concept of the FCB Model in the Conditions of the Various Generations
Overenie platnosti tradičnej teoretickej definície modelu Foote, Cone & Belding (FCB) založenej na použití reprezentatívnych produktov týkajúcich sa veku (generácie) a pohlavia vybranej cieľovej skupiny v podmienkach ČR. Verifikácia platnosti definovaných reklamných stratégií v danom modeli so súčas...
Guardado en:
| Autor principal: | |
|---|---|
| Otros Autores: | |
| Formato: | Capítulo de libro |
| Lenguaje: | inglés |
| Materias: | |
| Etiquetas: |
Sin Etiquetas, Sea el primero en etiquetar este registro!
|
MARC
| LEADER | 00000naa a2200000 4500 | ||
|---|---|---|---|
| 001 | 0280355 | ||
| 005 | 20211216092541.0 | ||
| 041 | 0 | |a eng | |
| 044 | |a CZ | ||
| 245 | 1 | 0 | |a Advertising Strategy According to the Concept of the FCB Model in the Conditions of the Various Generations |c Kateřina Matušínská, Michal Stoklasa |
| 520 | |a Overenie platnosti tradičnej teoretickej definície modelu Foote, Cone & Belding (FCB) založenej na použití reprezentatívnych produktov týkajúcich sa veku (generácie) a pohlavia vybranej cieľovej skupiny v podmienkach ČR. Verifikácia platnosti definovaných reklamných stratégií v danom modeli so súčasnou úrovňou akceptácie a vnímania reklamy v rámci definovanej skupiny v ČR. | ||
| 610 | 2 | 0 | |a stratégia podniková |
| 610 | 2 | 0 | |a reklama |
| 610 | 2 | 0 | |a modely |
| 610 | 2 | 0 | |a emócie |
| 610 | 2 | 0 | |a generácie |
| 610 | 2 | 0 | |a komunikácia marketingová |
| 100 | 1 | |a Matušínská, Kateřina | |
| 700 | 1 | |a Stoklasa, Michal | |